Η αντίστροφη ισότητα των δύο φύλων στο κοινοτικό δίκαιο
Αποθηκεύτηκε σε:
| Κύριος συγγραφέας: | |
|---|---|
| Άλλοι συγγραφείς: | |
| Μορφή: | Βιβλίο |
| Γλώσσα: | Greek |
| Δημοσίευση: |
Αθήνα :
Σάκκουλας, Α.,
2007.
|
| Σειρά: | Διπλωματικές εργασίες ;
5 |
| Θέματα: | |
| Ετικέτες: |
Προσθήκη ετικέτας
Δεν υπάρχουν, Καταχωρήστε ετικέτα πρώτοι!
|
MARC
| LEADER | 00000cam a2200000 i 4500 | ||
|---|---|---|---|
| 001 | 1/85663 | ||
| 008 | 080520s2007 gr |||||||||||||| ||gre|| | ||
| 020 | |a 9789601518121 | ||
| 035 | |l 10097475 | ||
| 040 | |a GR-MY-UA |b gre |e aacr | ||
| 041 | 0 | |a gre | |
| 082 | 0 | |a 341.48 |2 (22) | |
| 100 | 1 | |a Παλιού, Ελίνα. | |
| 245 | 1 | 2 | |a Η αντίστροφη ισότητα των δύο φύλων στο κοινοτικό δίκαιο / |c Ελίνα Παλιού ; πρόλογος Β. Α. Χριστιανός. |
| 260 | |a Αθήνα : |b Σάκκουλας, Α., |c 2007. | ||
| 300 | |a 296 σ.; |c 24 εκ. | ||
| 490 | 1 | |a Διπλωματικές εργασίες ; |v 5 | |
| 500 | |a Άνω του τίτλου: Πανεπιστήμιο Αθηνών - Τμήμα Νομικής Τομέας Διεθνών Σπουδών (Μεταπτυχιακό Πρόγραμμα) | ||
| 500 | |a Βραβείο Ελληνικής Πανεπιστημιακής Ένωσης Ευρωπαϊκών Σπουδών. | ||
| 504 | |a Περιέχει βιβλιογραφικές παραπομπές. | ||
| 650 | 0 | 0 | |a Discrimination |x Law and legislation |z European Union countries. |
| 650 | 0 | 0 | |a Law |z European Union countries. |
| 650 | 0 | 0 | |a Human rights |z European Union countries. |
| 700 | 1 | |a Χριστιανός, Βασίλειος Α. |4 aui | |
| 830 | 0 | |a Διπλωματικές εργασίες ; |v 5 | |
| 852 | |a INST |b LESVOS |e 20080520 |h 341.48 ΠΑΛ |p 005100039760 |q 005100039760 |t BK |y 0 | ||
| 901 | |a BIBL1-2008-2 | ||
| 909 | |a Λ |b 142241 | ||
| 922 | |a 1ΕΛΗ |b 200711 |c ΕΠΕΑΕΚ2/ΤΚ |d Σ. Πατάκης | ||
| 970 | |a Καρά |b Γιασεμή |z 2008/05/20 | ||